LEADER 00655nam a2200193 i 4500 001 000000201045 003 CaOOAMICUS 005 20110418000000.0 008 110418n it u000 u ita u 013 $a179746 040 $aSeMil$bita 245 10$aTavole. 300 $a50 c. di tav. :$bill. 700 1 $aArrigoni degli Oddi, E.$0(OLS)http://semarc/name/10969 773 0 $aArrigoni degli Oddi, E.$tAtlante ornitologico.$dMilano : Ulrico Hoepli, 1902.$w()24794 850 $aSeMil 852 $aSeMil$W1$xVenegono$y1$m3W VIII 59$j222219$B151574$CSeMilBibl$Z2$F162783 $81 961 $aRecupero: Altro 996 $6245$aTavole$9(OLS)http://semarc/title/87955 LEADER 00943nam a2200253 i 4500 001 000000121697 003 CaOOAMICUS 005 20040108000000.0 008 040108s1988 it u000 u ita u 013 $a94392 020 $a88-18-21010-6 040 $aSeMil$bita 100 1 $aCasini, Claudio,$d<1937-1994>.$0(OLS)http://semarc/name/3669 245 10$aDal Seicento al Novecento. 300 $a670 p. 490 0 $aLa musica 500 $aContiene : Bibliografia essenziale. 773 0 $aCasini, Claudio <1937-1994>$tStoria della musica.$dMilano : Rusconi, 1987-1988.$kMusica$w()10777 830 3$aLa musica.$0(OLS)http://semarc/title/9424 850 $aSeMil 852 $aSeMil$W1$xVenegono$y1$m3Q V 20$j76757$B76757$CSeMilBibl$Z2$F78299 $81 961 $aOmaggio: Martini Card. Carlo Maria 996 $6020$a88-18-21010-6$9(OLS)http://semarc/number/107260 996 $6245$aDal Seicento al Novecento$9(OLS)http://semarc/title/179215